FC Bayern München Squad Champions League 2024/2025 - Statistics

General Stats
  • This quiz has been taken 97 times
  • The average score is 20 of 24
Answer Stats
Picture Answer % Correct
Manuel Neuer
100%
Minjae Kim
98%
Dayot Upamecano
95%
Eric Dier
95%
Joshua Kimmich
95%
Leroy Sané
95%
Leon Goretzka
94%
Thomas Müller
91%
Harry Kane
90%
Jamal Musiala
90%
Kingsley Coman
90%
Serge Gnabry
90%
Alphonso Davies
89%
Konrad Laimer
88%
Sven Ulreich
88%
Michael Olise
87%
Raphaël Guerreiro
84%
Hiroki Ito
80%
Sacha Boey
78%
João Palhinha
72%
Josip Stanišić
66%
Daniel Peretz
57%
Jonas Urbig
52%
Javier Fernández
9%
No matching quizzes found
Score Distribution
Percent of People with Each Score
Percentile by Number Answered
Your Score History
You have not taken this quiz